000 00600nam a22001697a 4500
003 SGT
020 _a9788120349377
082 _a624.1821
_bGHO
100 _aGHOSH,KARUNA MOY
245 _aANALYSIS AND DESIGN PRACTICE OF STEEL STRUCTURE
250 _a2ND
260 _aNEW DELHI
_bPHI
_c2015
300 _a327
650 _aCIVIL ENGINEERING
653 _aDESIGN PHILOSOPHY AND PRACTICES, DESIGN DATA DESIGN STRENGTH AND BOLT AND WELD CONNECTIONS, SCRAP YARD STRUCTURES, CONVEYOR STRUCTURAL SYSTEM FROM HBI BUILDING TO MILL BUILDING, A TURBO GENERATOR BUILDING,IS CODE 800:2007
942 _2ddc
_cBK
999 _c8234
_d8234